Quizzes
Events
Quiz Creation
Community
Videos
Private Events
Remove Ads
Sign In
Join for FREE
Feedback
Dark Mode
Quiz Categories
Sports
Geography
Music
Movies
Television
Just For Fun
Miscellaneous
History
Literature
Language
Science
Gaming
Entertainment
Religion
Holiday
For Kids
Quiz Lab
Recent
Popular Today
Quiz Kudos Today
Editor Picks
Curator Picks
Quizzes by...
Day
Popularity
Type
Ratings
Length
Year
Community
Subscriptions
Recent Discussions
Orange Saloon
Badges
Playlists
Quests
Create
Leaderboards
Showdown
Live 5
Trivia Bingo
Activity
Puzzle Library
Sporcle Events
Private Events
Virtual Trivia
Globe League
Become a Host
Pub Owners
SporcleCon
Opinionation
Our Games
Videos
Blog
Mobile Apps
Partnerships
Remove Ads and Go Orange
Feedback
Sports
Athletes
MLB
NBA
NHL
NFL
Soccer
Sports Teams
WWE
NCAA
Football
Premier League
Basketball
Baseball
Hockey
Golf
Tennis
Cricket
Rugby
Auto Racing
Olympics
World Cup
Sports
Athletes
MLB
NBA
NHL
NFL
Soccer
Sports Teams
WWE
NCAA
Football
Premier League
Basketball
Baseball
Hockey
Golf
Tennis
Cricket
Rugby
Auto Racing
Olympics
World Cup
Random Quiz
Search Sporcle
×
Quiz Lab
Quiz Lab
Sports
MLB
Type in answers that appear in a list
Type in answers that appear in a list
Classic
Best Score? Go Orange.
Yankees opening day lineups 1916-1948 Stats
Can you name the Yankees Opening Day Lineups from 1916-1948?
By
sharkey58
20m
297 Questions
1,916 Plays
1,916 Plays
1,916 Plays
Comments
Comments
Give Quiz Kudos
Give Quiz Kudos
-
- Ratings
hide this ad
More Info
Replay
Link that replays current quiz
Next Quiz
Link to next quiz in quiz playlist
You Got
0%
They Got
Avg Score
71%
Avg Friend Score
Upgrade to see
Score Distribution
Jump to the score distribution portion of the page
Score
0/297
Timer
20:00
0
Plays Today
Year
% Correct
1920
Babe Ruth
99.4%
1921
Babe Ruth
99.4%
1923
Babe Ruth
99.4%
1924
Babe Ruth
99.4%
1926
Babe Ruth
99.4%
1927
Babe Ruth
99.4%
1928
Babe Ruth
99.4%
1929
Babe Ruth
99.4%
1930
Babe Ruth
99.4%
1931
Babe Ruth
99.4%
1932
Babe Ruth
99.4%
1933
Babe Ruth
99.4%
1934
Babe Ruth
99.4%
1926
Lou Gehrig
99.1%
1927
Lou Gehrig
99.1%
1928
Lou Gehrig
99.1%
1929
Lou Gehrig
99.1%
1930
Lou Gehrig
99.1%
1931
Lou Gehrig
99.1%
1932
Lou Gehrig
99.1%
1933
Lou Gehrig
99.1%
1934
Lou Gehrig
99.1%
1935
Lou Gehrig
99.1%
1936
Lou Gehrig
99.1%
1937
Lou Gehrig
99.1%
1938
Lou Gehrig
99.1%
1939
Lou Gehrig
99.1%
1939
Joe DiMaggio
97.1%
1941
Joe DiMaggio
97.1%
1942
Joe DiMaggio
97.1%
1946
Joe DiMaggio
97.1%
1948
Joe DiMaggio
97.1%
1930
Bill Dickey
94.5%
1931
Bill Dickey
94.5%
1932
Bill Dickey
94.5%
1933
Bill Dickey
94.5%
1934
Bill Dickey
94.5%
1935
Bill Dickey
94.5%
1936
Bill Dickey
94.5%
1937
Bill Dickey
94.5%
1938
Bill Dickey
94.5%
1939
Bill Dickey
94.5%
1940
Bill Dickey
94.5%
1941
Bill Dickey
94.5%
1942
Bill Dickey
94.5%
1943
Bill Dickey
94.5%
1946
Bill Dickey
94.5%
1926
Tony Lazzeri
93.3%
1927
Tony Lazzeri
93.3%
1929
Tony Lazzeri
93.3%
1930
Tony Lazzeri
93.3%
1931
Tony Lazzeri
93.3%
1933
Tony Lazzeri
93.3%
1934
Tony Lazzeri
93.3%
1935
Tony Lazzeri
93.3%
1936
Tony Lazzeri
93.3%
1937
Tony Lazzeri
93.3%
1941
Phil Rizzuto
91.9%
1942
Phil Rizzuto
91.9%
1947
Phil Rizzuto
91.9%
1948
Phil Rizzuto
91.9%
1932
Lefty Gomez
90.9%
1933
Lefty Gomez
90.9%
1934
Lefty Gomez
90.9%
1935
Lefty Gomez
90.9%
1936
Lefty Gomez
90.9%
1937
Lefty Gomez
90.9%
1947
Yogi Berra
90.2%
1925
Earle Combs
89.1%
1926
Earle Combs
89.1%
1927
Earle Combs
89.1%
1928
Earle Combs
89.1%
1929
Earle Combs
89.1%
1930
Earle Combs
89.1%
1931
Earle Combs
89.1%
1933
Earle Combs
89.1%
1934
Earle Combs
89.1%
1935
Earle Combs
89.1%
1931
Red Ruffing
87.9%
1938
Red Ruffing
87.9%
1939
Red Ruffing
87.9%
1940
Red Ruffing
87.9%
1942
Red Ruffing
87.9%
1916
Wally Pipp
87.8%
1917
Wally Pipp
87.8%
1918
Wally Pipp
87.8%
1919
Wally Pipp
87.8%
1920
Wally Pipp
87.8%
1921
Wally Pipp
87.8%
1922
Wally Pipp
87.8%
1923
Wally Pipp
87.8%
1924
Wally Pipp
87.8%
1925
Wally Pipp
87.8%
1938
Joe Gordon
87.7%
1939
Joe Gordon
87.7%
1940
Joe Gordon
87.7%
1941
Joe Gordon
87.7%
1942
Joe Gordon
87.7%
1943
Joe Gordon
87.7%
Year
% Correct
1920
Bob Meusel
87.5%
1921
Bob Meusel
87.5%
1923
Bob Meusel
87.5%
1924
Bob Meusel
87.5%
1925
Bob Meusel
87.5%
1926
Bob Meusel
87.5%
1927
Bob Meusel
87.5%
1928
Bob Meusel
87.5%
1929
Bob Meusel
87.5%
1940
Charlie Keller
82%
1941
Charlie Keller
82%
1942
Charlie Keller
82%
1943
Charlie Keller
82%
1947
Charlie Keller
82%
1948
Charlie Keller
82%
1936
Roy Johnson
81.5%
1937
Roy Johnson
81.5%
1943
Billy Johnson
81.5%
1947
Billy Johnson
81.5%
1948
Billy Johnson
81.5%
1927
Waite Hoyt
80.9%
1938
Tommy Henrich
80.1%
1940
Tommy Henrich
80.1%
1941
Tommy Henrich
80.1%
1942
Tommy Henrich
80.1%
1946
Tommy Henrich
80.1%
1948
Tommy Henrich
80.1%
1932
Frankie Crosetti
77.5%
1933
Frankie Crosetti
77.5%
1935
Frankie Crosetti
77.5%
1936
Frankie Crosetti
77.5%
1937
Frankie Crosetti
77.5%
1938
Frankie Crosetti
77.5%
1939
Frankie Crosetti
77.5%
1940
Frankie Crosetti
77.5%
1946
Frankie Crosetti
77.5%
1916
Home Run Baker
77%
1917
Home Run Baker
77%
1918
Home Run Baker
77%
1919
Home Run Baker
77%
1922
Home Run Baker
77%
1934
Red Rolfe
75.3%
1935
Red Rolfe
75.3%
1936
Red Rolfe
75.3%
1937
Red Rolfe
75.3%
1938
Red Rolfe
75.3%
1939
Red Rolfe
75.3%
1940
Red Rolfe
75.3%
1941
Red Rolfe
75.3%
1928
Herb Pennock
75.1%
1922
Sad Sam Jones
74.8%
1943
Snuffy Stirnweiss
74.6%
1944
Snuffy Stirnweiss
74.6%
1945
Snuffy Stirnweiss
74.6%
1946
Snuffy Stirnweiss
74.6%
1947
Snuffy Stirnweiss
74.6%
1948
Snuffy Stirnweiss
74.6%
1926
Mark Koenig
73.9%
1927
Mark Koenig
73.9%
1928
Mark Koenig
73.9%
1929
Mark Koenig
73.9%
1930
Mark Koenig
73.9%
1948
Allie Reynolds
73.5%
1926
Pat Collins
71.6%
1928
Pat Collins
71.6%
1946
Spud Chandler
71.5%
1947
Spud Chandler
71.5%
1916
Roger Peckinpaugh
69.9%
1917
Roger Peckinpaugh
69.9%
1918
Roger Peckinpaugh
69.9%
1919
Roger Peckinpaugh
69.9%
1920
Roger Peckinpaugh
69.9%
1921
Roger Peckinpaugh
69.9%
1923
Joe Dugan
69.3%
1924
Joe Dugan
69.3%
1925
Joe Dugan
69.3%
1926
Joe Dugan
69.3%
1927
Joe Dugan
69.3%
1928
Joe Dugan
69.3%
1920
Bob Shawkey
67.8%
1923
Bob Shawkey
67.8%
1924
Bob Shawkey
67.8%
1926
Bob Shawkey
67.8%
1930
Ben Chapman
67.4%
1931
Ben Chapman
67.4%
1932
Ben Chapman
67.4%
1933
Ben Chapman
67.4%
1934
Ben Chapman
67.4%
1935
Ben Chapman
67.4%
1936
Ben Chapman
67.4%
1943
Nick Etten
65.3%
1944
Nick Etten
65.3%
1945
Nick Etten
65.3%
1946
Nick Etten
65.3%
1935
George Selkirk
64%
1936
George Selkirk
64%
1937
George Selkirk
64%
1938
George Selkirk
64%
1940
George Selkirk
64%
Year
% Correct
1921
Carl Mays
63%
1921
Wally Schang
62.8%
1922
Wally Schang
62.8%
1923
Wally Schang
62.8%
1924
Wally Schang
62.8%
1947
Aaron Robinson
61%
1925
Urban Shocker
60.5%
1928
Leo Durocher
59.6%
1929
Leo Durocher
59.6%
1929
George Pipgras
59.6%
1930
George Pipgras
59.6%
1921
Aaron Ward
59.1%
1922
Aaron Ward
59.1%
1923
Aaron Ward
59.1%
1924
Aaron Ward
59.1%
1925
Aaron Ward
59.1%
1922
Everett Scott
58.9%
1923
Everett Scott
58.9%
1924
Everett Scott
58.9%
1925
Everett Scott
58.9%
1918
Elmer Miller
56.9%
1922
Elmer Miller
56.9%
1945
Hersh Martin
55.5%
1943
Johnny Lindell
55.3%
1944
Johnny Lindell
55.3%
1945
Johnny Lindell
55.3%
1946
Johnny Lindell
55.3%
1947
Johnny Lindell
55.3%
1940
Babe Dahlgren
54.4%
1927
Johnny Grabowski
53.8%
1929
Johnny Grabowski
53.8%
1933
Joe Sewell
53.1%
1916
Ray Caldwell
52.3%
1917
Ray Caldwell
52.3%
1947
George McQuinn
51.9%
1948
George McQuinn
51.9%
1923
Whitey Witt
49.9%
1924
Whitey Witt
49.9%
1931
Lyn Lary
49.1%
1932
Lyn Lary
49.1%
1919
Duffy Lewis
48.7%
1920
Duffy Lewis
48.7%
1941
Marius Russo
48.2%
1916
Fritz Maisel
48.1%
1917
Fritz Maisel
48.1%
1939
Jake Powell
46.7%
1918
George Mogridge
45.5%
1919
George Mogridge
45.5%
1944
Oscar Grimes
45.1%
1946
Oscar Grimes
45.1%
1918
Del Pratt
44.5%
1919
Del Pratt
44.5%
1920
Del Pratt
44.5%
1918
Ping Bodie
44.1%
1919
Ping Bodie
44.1%
1921
Ping Bodie
44.1%
1944
Hank Borowy
43.9%
1937
Myril Hoag
41.1%
1938
Myril Hoag
41.1%
1916
Frank Gilhooley
40.6%
1917
Frank Gilhooley
40.6%
1918
Frank Gilhooley
40.6%
1943
Ernest 'Tiny' Bonham
40.5%
1925
Steve O'Neill
40.2%
1918
James 'Truck' Hannah
39%
1919
James 'Truck' Hannah
39%
1925
Ben Paschal
38.8%
1945
Atley Donald
38.5%
1916
Les Nunamaker
38%
1917
Les Nunamaker
38%
1941
Johnny Sturm
37.9%
1916
Lee Magee
37.6%
1917
Lee Magee
37.6%
1948
Gus Niarhos
37.1%
1919
Sammy Vick
35.8%
1921
Chick Fewster
34.9%
1922
Chick Fewster
34.9%
1944
Bud Metheny
33.8%
1944
Don Savage
33.6%
1945
Don Savage
33.6%
1932
Samuel Byrd
33.2%
1917
Hugh High
33.1%
1930
Dusty Cooke
33.1%
1931
Dusty Cooke
33.1%
1942
Ed Levy
32.4%
1944
Ed Levy
32.4%
1920
Muddy Ruel
31.8%
1932
Jack Saltzgaver
30.7%
1916
Joe Gedeon
29.5%
1939
Joe Gallagher
29.4%
1944
Mike Garbark
29.3%
1945
Mike Garbark
29.3%
1942
Jerry Priddy
29.2%
1922
Norm McMillan
29.1%
1945
Russ Derry
28.6%
1945
Joe Buzas
25.5%
1920
Frank Gleich
25.5%
1943
Roy Weatherly
24.6%
1934
Don Heffner
22.7%
Quiz Playlist
Details
Report
Send in Message
Add To Playlist
More Info:
Yankees Opening Day Lineups 1916-1948
Classic:
Type in answers that appear in a list
Quiz Source
Last Updated: Feb 16, 2017
Quiz Scoreboard
CHALLENGE
Sign Up to Join the Scoreboard
Show All
Scores
Hide
Comments
May contain spoilers
Recently Published
Movies - When Are They Set?
by FPL_Elf
Movies
5m
Popular People in 1961
by mucciniale
History
6m
1-10 Letter E Words III
by El_Dandy
Language
2m
More to Explore
Quiz From the Vault
Featured Blog Post
Where Did the Easter Bunny Come From?
hide this ad
You Might Also Like...
Tags
Baseball Quiz
MLB Quiz
New York Yankees
Opening Day Lineups
Today's Top Quizzes in Sports
Browse Sports
hide this ad
Today's Top Quizzes in MLB
Browse MLB
Top Contributed Quizzes in Sports
1
Les meilleurs buteurs des matchs entre le PSG et l’OM
2
FIFA Club World Cup Champions
3
Les entraîneurs de l'OM et du PSG au 21e siècle
4
2022 World Cup Stars
5
Name the Premier League winners with different clubs
6
La finale Lions - Afrique du Sud 2021
7
Criteria MLB: Left Handed Sluggers
8
Les joueurs passés par le LOSC et le RC Lens
9
Players with Multiple 50 Home Run Seasons
10
MLB Players with Two .350 Batting Average Seasons
Explore More
Trending Topics
Crossword
Harry Potter
NBA
Marvel
Anime
Kpop
Disney
Puzzle
The Office
Soccer
NFL
WWE
Country
Pokémon
Song
hide this ad
More By:
sharkey58
Quiz
Plays
Rating
Category
Featured
Created
Yankees opening day lineups 1916-1948
1,916
4.67
Sports
Jan 12, 2013
AHL All-Time Cities
783
5.00
Sports
Jul 8, 2013
Red Sox Opening Day Lineups 1916-1948
599
5.00
Sports
Jan 12, 2013
MLB Team Timeline
452
3.50
Sports
Jun 19, 2013
NHL Retired Numbers
319
3.67
Sports
Feb 12, 2011
Go to Creator's Profile
Score Distribution
Quiz Creator Spotlight
sharkey58
Follow
Send a Message
Quizzes Created
-
Created Quiz Play Count
-
More By This Creator
Popular Quizzes Today
1
Find the Countries of Europe - No Outlines Minefield
2
Find the US States - No Outlines Minefield
3
The Countries of the World
4
Popular People in 1961
5
US States
6
1-10 Letter E Words III
7
Find the US States
8
One Thing in Common: World Cities II
More Sports Quizzes
2020 UEFA Euro Teams
Quiz Lab
Trending Quizzes
Risky Map Clicking: Least Populous States A-Z
1-10 Letter F Words
Humor Books: The Subtitles
1-10 Letter G Words
One Thing in Common: United Kingdom
Recently Updated
Leaping Animals
pecheneg
Reality TV Shows (A-Z)
bhenderson79
Rickey Henderson's Hall of Fame Teammates
pecheneg
Champions League XIs: Arsenal
pecheneg
Quick Pick: Celebrities in WWE's Hall of Fame
aduchscher
A-Z Keypad Blitz II
pecheneg
Multiple Oscar Actors
pecheneg
Mystery Phrase Blitz: Oscar 'Best Actors'
pecheneg
F. Scott Fitzgerald Novels
LTH
Pick 3 Villains
ddd62291
Trending Topics
Disney
Anime
Marvel
Harry Potter
Crossword
Kpop
NBA
Country
Soccer
Song
NFL
The Office
WWE
Pokémon
Puzzle
Your Account Isn't Verified!
In order to create a playlist on Sporcle, you need to verify the email address you used during registration. Go to your
Sporcle Settings
to finish the process.
Report this User
Report this user for behavior that violates our
Community Guidelines
.
Details:
Send Report
Go to the Sporcle.com Mobile Site →
Comments